[Event "IND-chT 40th"]
[Site "Ahmedabad"]
[Date "2020.02.10"]
[Round "5.5"]
[White "Mayank, Sharma Nandkishore"]
[Black "Thejkumar, MS."]
[Result "0-1"]
[WhiteElo "1711"]
[BlackElo "2438"]
[PlyCount "64"]
[EventDate "2020.02.07"]
[EventType "team-swiss"]
[EventRounds "9"]
[EventCountry "IND"]
[SourceTitle "CBM 194 Extra"]
[Source "ChessBase"]
[SourceDate "2020.03.31"]
[SourceVersion "1"]
[SourceVersionDate "2020.03.31"]
[SourceQuality "1"]
[WhiteTeam "Delhi"]
[BlackTeam "Railways SPB II"]
[WhiteTeamCountry "IND"]
[BlackTeamCountry "IND"]

1. e4 c6 2. Bc4 d5 3. Bb3 dxe4 4. Qh5 e6 5. Nc3 Nf6 6. Qe2 Nbd7 7. Nxe4 Nxe4 8. Qxe4 Nc5 9. Qe3 Nxb3 10. axb3 b6 11. Nf3 Bb7 12. 0-0 Be7 13. d3 0-0 14. Bd2 c5 15. Rfe1 Re8 16. Ne5 Bf8 17. Ra4 f6 18. Nf3 e5 19. Nh4 Qd7 20. Raa1 e4 21. Qh3 Qxh3 22. gxh3 exd3 23. Rxe8 Rxe8 24. cxd3 a5 25. Ng2 Bd5 26. Ne3 Bxb3 27. Nc4 Re6 28. Bf4 a4 29. Bc7 b5 30. Na3 b4 31. Nc4 Re2 32. Kf1 Rc2 0-1

[Event "Udaipur Lakecity blitz op 1st"]
[Site "Udaipur"]
[Date "2019.09.16"]
[Round "2"]
[White "Laxman, Rajaram"]
[Black "Mayank, Sharma Nandkishore"]
[Result "1-0"]
[WhiteElo "2468"]
[BlackElo "1709"]
[PlyCount "131"]
[EventDate "2019.09.16"]
[EventType "swiss (blitz)"]
[EventRounds "9"]
[EventCountry "IND"]
[SourceTitle "EXT 2020"]
[Source "ChessBase"]
[SourceDate "2019.10.17"]
[SourceVersion "1"]
[SourceVersionDate "2019.10.17"]
[SourceQuality "1"]

1. e4 e6 2. d3 d5 3. Nd2 g6 4. f4 Bg7 5. Ngf3 Ne7 6. g3 c5 7. Bg2 Nbc6 8. 0-0 Qc7 9. c3 0-0 10. e5 b5 11. Nb3 c4 12. Nbd4 Nxd4 13. cxd4 Bb7 14. Bd2 Rfc8 15. Rc1 Qb6 16. Bb4 Bf8 17. Bc5 Qa6 18. Qd2 Nf5 19. b4 cxb3 20. axb3 Bxc5 21. dxc5 d4 22. b4 Ne3 23. Rfe1 Nxg2 24. Qxg2 Qc6 25. Rf1 a5 26. bxa5 Rxa5 27. Nh4 Qxg2+ 28. Nxg2 b4 29. Rc4 Rcxc5 30. Rxb4 Rab5 31. Rxb5 Rxb5 32. Ne1 Rb3 33. Rf2 Ba6 34. Rd2 Kf8 35. Kf2 Ke7 36. Ke2 Kd7 37. Nc2 Rb1 38. Nxd4 Rh1 39. Ke3 Bb7 40. Rb2 Bd5 41. Nb5 Re1+ 42. Kd4 Ke7 43. Nd6 f6 44. Rb8 fxe5+ 45. fxe5 Rh1 46. h4 Rg1 47. Rh8 Rxg3 48. Rxh7+ Kf8 49. Ne4 Rg4 50. Kc5 Bxe4 51. dxe4 Rxe4 52. Kd6 Ra4 53. Rc7 Rxh4 54. Kxe6 Rd4 55. Rc8+ Kg7 56. Rc7+ Kf8 57. Rd7 Rf4 58. Rd8+ Kg7 59. Rd7+ Kf8 60. Rd8+ Kg7 61. Rd2 g5 62. Kd7 Rf7+ 63. Kd6 Kf8 64. Rg2 Rg7 65. e6 Ke8 66. Ra2 1-0